Employment, growth, and basic needs : (Record no. 25729)
[ view plain ]
| 000 -LEADER | |
|---|---|
| fixed length control field | 01153cam a22002655a 4500 |
| 001 - CONTROL NUMBER | |
| control field | 927199 |
| 005 - DATE AND TIME OF LATEST TRANSACTION | |
| control field | 20171218121704.0 |
| 008 - FIXED-LENGTH DATA ELEMENTS--GENERAL INFORMATION | |
| fixed length control field | 820925s1976 sz frb i100 0 eng d |
| 020 ## - INTERNATIONAL STANDARD BOOK NUMBER | |
| International Standard Book Number | 9221015106 |
| 040 ## - CATALOGING SOURCE | |
| Original cataloging agency | DLC |
| Transcribing agency | DLC |
| Modifying agency | DLC |
| -- | EG-ScBUE |
| Language of cataloging | eng |
| 082 04 - DEWEY DECIMAL CLASSIFICATION NUMBER | |
| Classification number | 338.9 |
| Edition number | 22 |
| Item number | EMP |
| 110 2# - MAIN ENTRY--CORPORATE NAME | |
| Corporate name or jurisdiction name as entry element | International Labour Office |
| 9 (RLIN) | 37621 |
| 245 10 - TITLE STATEMENT | |
| Title | Employment, growth, and basic needs : |
| Remainder of title | a one-world problem : report of the Director-General of the International Labour Office. |
| 260 ## - PUBLICATION, DISTRIBUTION, ETC. (IMPRINT) | |
| Place of publication, distribution, etc | Geneva : |
| Name of publisher, distributor, etc | International Labour Office, |
| Date of publication, distribution, etc | 1976. |
| 300 ## - PHYSICAL DESCRIPTION | |
| Extent | vi, 177 p. ; |
| Dimensions | 24 cm. |
| 500 ## - GENERAL NOTE | |
| General note | At head of title: Tripartite World Conference on Employment, Income Distribution, and Social Progress and the International Division of Labour. |
| 504 ## - BIBLIOGRAPHY, ETC. NOTE | |
| Bibliography, etc | Includes bibliographical references. |
| 650 #7 - SUBJECT ADDED ENTRY--TOPICAL TERM | |
| Topical term or geographic name as entry element | Manpower policy. |
| Source of heading or term | BUEsh |
| 9 (RLIN) | 13912 |
| 650 #7 - SUBJECT ADDED ENTRY--TOPICAL TERM | |
| Topical term or geographic name as entry element | Economic development. |
| Source of heading or term | BUEsh |
| 9 (RLIN) | 10495 |
| 650 #7 - SUBJECT ADDED ENTRY--TOPICAL TERM | |
| Topical term or geographic name as entry element | Poverty. |
| Source of heading or term | BUEsh |
| 9 (RLIN) | 23744 |
| 651 ## - SUBJECT ADDED ENTRY--GEOGRAPHIC NAME | |
| Source of heading or term | BUEsh |
| 653 ## - INDEX TERM--UNCONTROLLED | |
| Resource For college | Generalities |
| Arrived date list | December2017 |
| 711 2# - ADDED ENTRY--MEETING NAME | |
| Meeting name or jurisdiction name as entry element | Tripartite World Conference on Employment, Income Distribution, and Social Progress and the International Division of Labour |
| Date of meeting | (1976 : |
| Location of meeting | Geneva, Switzerland) |
| 942 ## - ADDED ENTRY ELEMENTS (KOHA) | |
| Source of classification or shelving scheme | Dewey Decimal Classification |
| Withdrawn status | Item status | Source of classification or shelving scheme | Damaged status | Not for loan | Home library | Current library | Date acquired | Source of acquisition | Total Checkouts | Full call number | Barcode | Date last seen | Koha item type |
|---|---|---|---|---|---|---|---|---|---|---|---|---|---|
| Dewey Decimal Classification | Central Library | Central Library | 18/12/2017 | Purchase | 338.9 EMP | 000042673 | 15/07/2025 | Book - Borrowing |